| 000 | 01163nam a22002657a 4500 | ||
|---|---|---|---|
| 001 | BD-DhSAU 9297 | ||
| 003 | BD-DhSAU | ||
| 005 | 20181209135909.0 | ||
| 008 | 150612b16 bg a||||r|||| 000 0 eng d | ||
| 040 | _aBD-DhSAU | ||
| 082 |
_222 _a630.715 _bP259 |
||
| 100 |
_aParvez , Masud _eRegistration No. # 10-03799 |
||
| 245 |
_aAdoption of Organic vegetable farming by the farmers of Bogra District / _bMS thesis _cParvez , Masud |
||
| 260 |
_aSher-e- Bangla Agricultural University : _bDepartment of Agricultural Extension and Information System, _c2016 |
||
| 300 |
_ax, 71 p. : _bill. , _c30 cm. |
||
| 500 | _aMS thesis of Department of Agricultural Extension and Information System, Faculty of Agriculture, Sher-e-Bangla Agricultural University, Dhaka, Bangladesh | ||
| 590 | _aShofi | ||
| 650 | _aAgricultural Extension and Information System | ||
| 650 | _a Organic vegetable farming | ||
| 650 |
_aFarmer _zBogra District |
||
| 700 |
_aHossain , Kh. Zulfikar _eSupervisor |
||
| 700 |
_a Kabir , Muhammad Humayun _eCo-Supervisor |
||
| 856 |
_uhttp://archive.saulibrary.edu.bd:8080/xmlui/handle/123456789/733 _yOnline Access |
||
| 942 |
_2ddc _cTHESIS |
||
| 999 |
_c14066 _d14065 |
||